00313 a2200133 450000100060000002000180000604000220002410000220004624000320006824500270010030000080012736200090013565000350014459817 a9783551352972 cAnchieta - Pituba aGoudge, Elizabeth10aDas kleine weibe Pferdlpor10aDas kleine weibe Pferd a3440 a1995 4aLiteratura juvenil em alemàƒo